| 000 | 02171cam a22003494a 4500 | ||
|---|---|---|---|
| 005 | 20260322212035.0 | ||
| 008 | data | ||
| 010 | _a 2004041621 | ||
| 020 | _a9780743246729 | ||
| 020 | _a0743246721 | ||
| 040 |
_aDLC _cDLC _dOCLCQ _dC#P _dYBM _dOCLCQ |
||
| 041 | 0 | 9 | _aeng |
| 042 |
_anlmcopyc _anlmcopyc |
||
| 044 | _9United States | ||
| 050 | 0 | 0 |
_aQP376 _b.A225 2004 |
| 060 | 0 | 0 |
_aWL 300 _bA1818a 2004 |
| 082 | 0 | 0 |
_a612.8/2 _222 |
| 092 | _a612.82 A181 2004 | ||
| 100 | 1 |
_aAckerman, Diane, _d1948- |
|
| 245 | 1 | 3 |
_aAn alchemy of mind : _bthe marvel and mystery of the brain / _cDiane Ackerman. |
| 260 |
_aNew York : _bScribner, _cc2004. |
||
| 300 |
_axii, 300 p. : _bill. ; _c24 cm. |
||
| 336 |
_atext _btxt _2rdacontent |
||
| 337 |
_aunmediated _bn _2rdamedia |
||
| 338 |
_avolume _bnc _2rdacarrier |
||
| 504 | _aIncludes bibliographical references (p. 281-286) and index. | ||
| 505 | 0 | _aMiracle waters (Evolution): The enchanted loom -- This island earth -- Why we ask why? -- The fibs of being -- Light breaks where no sun shines -- Sweet dreams of reason (The physical brain): The shape of thought -- Inner space -- Attention please-- A passion for patterns -- In the church of the pines --Einstein's brain -- The mind's eye -- Pavilions of desire (Memory): What is a memory? -- Reflections in a gazing ball --Remember what? -- Remember, I dream -- Hello, he lied --Traumatic memories -- Smell, memory, and the erotic -- Never a dull moment (The self, and other fictions): Introducing the self-- The other self -- Personality -- Shall it be male of female? Say the cells -- Creating minds -- The world is breaking someone else's heart (Emotions): The emotional climate -- The pursuit of happiness -- The color of saying (Language): Memory's accomplice-- Metaphors be with you -- The color of saying -- Shakespeare on the brain -- The wilderness within (The world we share): Oasis --Conscience and consciousness -- A kingdom of neighbors -- The beautiful captive. | |
| 650 | 1 | 2 |
_aBrain _0https://id.nlm.nih.gov/mesh/D001921 |
| 650 | 2 | 2 |
_aNeuropsychology _0https://id.nlm.nih.gov/mesh/D009484 |
| 655 | 2 |
_aPopular Work _0https://id.nlm.nih.gov/mesh/D020496 |
|
| 001 | data | ||
| 999 |
_c816 _d816 |
||